Suomen kunnat, joissa on lentokenttä - Statistics

Yleistilastot
  • Tätä visaa on pelattu 305 kertaa
  • Keskiarvotulos 26 / 84
Vastaustilastot
Maakunta Paikkakunta % Oikein
Uusimaa Vantaa
83%
Etelä-Karjala Lappeenranta
75%
Lappi Rovaniemi
75%
Pohjois-Pohjanmaa Oulu
73%
Keski-Suomi Jyväskylä
72%
Kainuu Kajaani
70%
Varsinais-Suomi Turku
70%
Pirkanmaa Tampere
66%
Pohjanmaa Vaasa
66%
Kymenlaakso Kouvola
64%
Kymenlaakso Kouvola
64%
Etelä-Savo Mikkeli
64%
Lappi Inari
62%
Lappi Kemi
61%
Lappi Kittilä
61%
Satakunta Pori
61%
Etelä-Savo Savonlinna
55%
Etelä-Karjala Imatra
52%
Lappi Enontekiö
50%
Kymenlaakso Kotka
50%
Pirkanmaa Pirkkala
49%
Pohjois-Pohjanmaa Kuusamo
47%
Lappi Sodankylä
45%
Etelä-Pohjanmaa Kauhava
43%
Pohjois-Savo Siilinjärvi
42%
Ahvenanmaa Jomala
41%
Pohjois-Pohjanmaa Ii
40%
Kainuu Kuhmo
37%
Lappi Kemijärvi
36%
Lappi Muonio
32%
Etelä-Pohjanmaa Alavus
31%
Uusimaa Hyvinkää
30%
Lappi Kolari
30%
Kainuu Suomussalmi
30%
Etelä-Pohjanmaa Ilmajoki
29%
Kanta-Häme Forssa
28%
Keski-Suomi Jämsä
28%
Etelä-Pohjanmaa Kauhajoki
28%
Lappi Ranua
27%
Pohjois-Savo Iisalmi
26%
Pohjois-Karjala Lieksa
26%
Etelä-Savo Pieksämäki
26%
Pohjois-Pohjanmaa Raahe
26%
Etelä-Pohjanmaa Alajärvi
25%
Pohjois-Karjala Kitee
25%
Pohjois-Karjala Kontiolahti
24%
Uusimaa Hanko
23%
Pohjois-Karjala Liperi
23%
Kanta-Häme Loppi
23%
Varsinais-Suomi Salo
23%
Lappi Keminmaa
20%
Pohjanmaa Kruunupyy
20%
Pohjois-Pohjanmaa Pudasjärvi
19%
Kymenlaakso Pyhtää
19%
Etelä-Pohjanmaa Ähtäri
17%
Ahvenanmaa Kumlinge
17%
Pohjois-Savo Joroinen
16%
Satakunta Säkylä
16%
Uusimaa Vihti
15%
Satakunta Jämijärvi
14%
Pohjois-Pohjanmaa Kalajoki
14%
Keski-Suomi Viitasaari
14%
Pohjois-Pohjanmaa Ylivieska
14%
Päijät-Häme Asikkala
13%
Uusimaa Nurmijärvi
11%
Pohjois-Pohjanmaa Pyhäjärvi
10%
Etelä-Savo Rantasalmi
10%
Keski-Pohjanmaa Veteli
10%
Uusimaa Inkoo
9%
Pohjois-Savo Kiuruvesi
9%
Satakunta Kokemäki
9%
Satakunta Huittinen
8%
Pohjois-Savo Lapinlahti
8%
Uusimaa Mäntsälä
8%
Pohjois-Pohjanmaa Haapavesi
7%
Pohjois-Pohjanmaa Hailuoto
7%
Pohjois-Savo Rautavaara
7%
Pohjois-Pohjanmaa Vaala
7%
Varsinais-Suomi Oripää
6%
Pirkanmaa Hämeenkyrö
5%
Pohjois-Pohjanmaa Kärsämäki
4%
Keski-Suomi Kivijärvi
4%
Etelä-Pohjanmaa Jalasjärvi
3%
Varsinais-Suomi Kemiönsaari
3%
Ehtoja vastaavia visoja ei löytynyt
Tulosjakauma
Jokaisen tuloksen saaneiden osuus
Persentiili vastausten määrän mukaan
Tuloshistoriasi
Et ole pelannut tätä visaa